| 000 | 00502 a2200169 4500 | ||
|---|---|---|---|
| 003 | NUST | ||
| 005 | 20251021103246.0 | ||
| 040 | _cNust | ||
| 082 | _a621.382,ZAF | ||
| 100 |
_aZafar, Ahsin Gc (TE--37/TCC-12) _9131299 |
||
| 245 |
_aGPS based personnel location system (PLS) using HF /VHF links / _cGc Ahsin Zafar Gc Tayyab Tariq & GC Sajid Naveed |
||
| 260 |
_aRawalpindi _bMCS _c2004 |
||
| 300 | _a176 p | ||
| 650 |
_aUG Projects _998716 |
||
| 651 |
_aTE--37/TCC-12 _9131300 |
||
| 942 |
_cPR _2ddc |
||
| 999 |
_c183096 _d183096 |
||